000 nam a22 7a 4500
999 _c10055
_d10055
008 180209b ||||| |||| 00| 0 eng d
100 _aWanchoo, IL
_96080
245 _aLearning conversation skills
260 _aNew Delhi
_bRoshan Publication
_c2012